|
|
|
|
| LEADER |
00840nam a2200265 4500 |
| 001 |
DLU090093270 |
| 005 |
##20091201 |
| 040 |
# |
# |
|a DLU
|b eng
|
| 041 |
# |
# |
|a eng
|
| 044 |
# |
# |
|a jp
|
| 100 |
# |
# |
|a Kenmochi, Nobuyuki.
|
| 245 |
# |
# |
|a Weak solutions of nonlinear systems for non-isothermal phase transitions /
|c Nobuyuki Kenmochi, Masahiro Kubo.
|
| 653 |
# |
# |
|a Non-isothermal phase transitions
|
| 653 |
# |
# |
|a Penrose-Fife models
|
| 700 |
# |
# |
|a Kubo, Masahiro.
|
| 773 |
# |
# |
|t Advances in Mathematical Sciences and Applications
|g Vol. 9, no. 1 (1999), p. 499-521
|
| 920 |
# |
# |
|a Phòng Tạp chí -- Trung tâm Thông tin - Thư viện Trường Đại học Đà Lạt
|
| 994 |
# |
# |
|a DLU
|
| 900 |
# |
# |
|a True
|
| 911 |
# |
# |
|a Trương Bảo Trâm Anh
|
| 925 |
# |
# |
|a G
|
| 926 |
# |
# |
|a A
|
| 927 |
# |
# |
|a BB
|
| 980 |
# |
# |
|a Thư viện Trường Đại học Đà Lạt
|